| 000 | 00455nam a2200181Ia 4500 | ||
|---|---|---|---|
| 008 | 170705s9999 xx 000 0 und d | ||
| 020 | _a9780545424912 | ||
| 245 | _aWorld's most dangerous animals / | ||
| 245 | _cPaul Beck ; edited by Ben Grossblatt. | ||
| 260 | _aNew York : | ||
| 260 | _bScholastic, | ||
| 260 | _c2012 | ||
| 300 | _a48 pages : | ||
| 300 | _bcolor illustration ; | ||
| 300 | _c28cm. | ||
| 440 | _aExtreme 3-D. | ||
| 500 | _a1030 | ||
| 999 |
_c336672 _d336672 |
||